000 00351 a2200109 4500
001 ART_49613
005 20260410161809.0
008 260409a
245 1 0 _aInflación y honorarios del síndico en el concurso preventivo
100 1 _aFerro, Carlos A.
773 0 _tDoctrina Societaria y Concursal
_g- N° 382 (sep. 2019)
_wREV4298
999 _c21314
_d21314